Biggest Cities by Decade (2000-2020) - Statistics

General Stats
  • This quiz has been taken 96 times
  • The average score is 18 of 21
Answer Stats
Year Rank Population Answer % Correct
3. 17,800,000 New York
99%
7. 18,300,000 New York
99%
2000 1. 34,400,000 Tokyo
98%
2010 1. 36,800,00 Tokyo
98%
2020 1. 37,300,000 Tokyo
98%
7. 20,400,000 Beijing
95%
7. 15,600,000 New Delhi
95%
2. 21,900,000 New Delhi
95%
2. 30,200,000 New Delhi
95%
3. 20,300,000 Shanghai
94%
3. 27,000,000 Shanghai
94%
6. 16,100,000 Mumbai
87%
4. 18,400,000 Mexico City
82%
4. 20,100,000 Mexico City
82%
5. 21,700,000 Mexico City
82%
5. 17,000,000 Sao Paulo
79%
5. 19,600,000 Sao Paulo
79%
4. 22,000,000 Sao Paulo
79%
2. 18,600,000 Osaka
66%
6. 19,300,000 Osaka
66%
6. 21,000,000 Dhaka
57%
No matching quizzes found
Score Distribution
Percent of People with Each Score
Percentile by Number Answered
Your Score History
You have not taken this quiz